000 00859nam a2200229Ia 4500
001 673
003 GE_BSU
008 181216s||||||||xx |||||||||||||| ||und||
020 _a9789941146015
040 _cGE_BSU
080 _a681.3(075.8)
100 _aნატროშვილი,ო
245 _aმონაცემთა მიღება-გადაცემის მართვისა და დიაგნოსტირების ალგორითმი კომპიუტერულ ქსელებში
260 _aთბილისი
260 _bტექნიკური უნივერსიტეტი
260 _c2009
300 _a275 გვ.
541 _h18 ლ.
653 _aალგორითმი
653 _aკომპიუტერული ქსელები
942 _cBK
999 _c34855
_d34855